| 000 | 00500nam a2200169 a 4500 | ||
|---|---|---|---|
| 001 | 883 | ||
| 003 | CDMR | ||
| 005 | 20131029174140.0 | ||
| 008 | 130130s1970||||||||||||||||||||||||||||d | ||
| 040 |
_aCDMR _bcat _cCDMR |
||
| 100 | 1 |
_aPozo, Mariano Del _9690 |
|
| 245 | 1 | 3 |
_aEl cine y su crítica _cMariano del Pozo |
| 260 |
_aPamplona _c[1970] _bEdiciones Universidad de Navarra |
||
| 490 | 0 |
_aCuadernos de Trabajo de Periodismo _v12 |
|
| 650 | 0 | 4 |
_93454 _aCinematrografia _vHistòria i crítica |
| 942 |
_cMON _2udc |
||
| 999 |
_c883 _d883 |
||